| 000 | 00734nam a22001937a 4500 | ||
|---|---|---|---|
| 999 |
_c17613 _d17613 |
||
| 003 | AR-CdUCM | ||
| 008 | 190509b ||||| |||| 00| 0 spa d | ||
| 040 |
_aMUNICIPALIDAD PROVINCIAL DEL CUSCO _cBIBLIOTECA MUNICIPAL DEL CUSCO |
||
| 082 |
_a838.8 / _bS83 |
||
| 100 |
_aStrauss, David Friedrich. _937736 |
||
| 245 | _aEstudios literarios y religiosos / | ||
| 260 |
_aMadrid : _bF. Sempere y Compañía, |
||
| 300 |
_a271 páginas ; _c19 cm. |
||
| 505 | _aContenido : Nathan el sabio de Léssing -- Los siglos XVIII y XIX frente al cristianismo -- Mi madre -- Años de juventud -- La novena sinfonía de Beethoven ... | ||
| 650 |
_aReligión. _91195 |
||
| 650 |
_aLiteratura. _983 |
||
| 942 |
_2ddc _cLIBROS |
||
| 945 |
_arum _d2019-05-09 |
||